| 000 | 00409nam a2200157 i 4500 | ||
|---|---|---|---|
| 001 | 9985 | ||
| 003 | ES-MaACL | ||
| 005 | 20230906145809.0 | ||
| 008 | 940718s1964 xxk ||||1| eng d | ||
| 080 | _a82.0(73)-311.2"19" | ||
| 100 | 1 |
_aUpdike, John. _9112046 |
|
| 245 | 1 | 0 |
_aRabbit, run / _cJohn Updike. |
| 260 |
_aLondon : _bPenguin Books, _c1964. |
||
| 300 |
_a248 p. ; _c20 cm. |
||
| 852 | 4 |
_aES-MaACL _jL-17515 |
|
| 999 |
_c9985 _d9985 |
||